000 00286nam a22001217a 4500
082 _a823
_bBLY/F
100 _aBLYTON, ENID
245 _aFAMOUS FIVE GO ON ADVENTURING AGAIN
260 _aUNITED KINGDOM
_bHODDER
_c2001
300 _a246
650 _aENGLISH STORY
_zSINGAPORE
942 _cBK
999 _c7235
_d7235